Social media and trust building /

Hlavní autor: Mičík, Michal
Další autoři: Tomczyk, Łukasz, Sládkayová, Michaela, Varga, Erika
Jazyk: Angličtina
Vydáno: Plzeň : Nava, 2020
Vydání: 1st edition
Témata:
Fyzický popis: 180 stran : ilustrace ; 24 cm
Knihy
Uloženo v:
LEADER 01896nam a2200529 i 4500
001 nkc20203179308
003 CZ PrNK
005 20200602152353.0
007 ta
008 200305s2020 xr a f 000 0 eng
015 |a cnb003179308 
020 |a 978-80-7211-577-8  |q (brožováno) 
035 |a (OCoLC)1200245877 
040 |a BOA001  |b cze  |e rda 
043 |a ec----- 
072 7 |a 316.4/.7  |x Sociální interakce. Sociální komunikace  |2 Konspekt  |9 18 
080 |a 316.774:004.738  |2 MRF 
080 |a 316.774:316.3  |2 MRF 
080 |a 316.64  |2 MRF 
080 |a (4-191.2)  |2 MRF 
080 |a (048.8:082)  |2 MRF 
100 1 |a Mičík, Michal  |7 pna2015870754  |4 aut 
245 1 0 |a Social media and trust building /  |c Michal Mičík, Łukasz Tomczyk, Michaela Sládkayová, Erika Varga et al. 
250 |a 1st edition 
264 1 |a Plzeň :  |b Nava,  |c 2020 
300 |a 180 stran :  |b ilustrace ;  |c 24 cm 
336 |a text  |b txt  |2 rdacontent 
337 |a bez média  |b n  |2 rdamedia 
338 |a svazek  |b nc  |2 rdacarrier 
500 |a 200 výtisků 
504 |a Obsahuje bibliografii 
650 0 7 |a sociální média  |7 ph634112  |z země Visegrádské skupiny  |2 czenas 
650 0 7 |a masmédia a společnost  |7 ph551078  |z země Visegrádské skupiny  |2 czenas 
650 0 7 |a důvěra  |7 ph307605  |2 czenas 
650 0 9 |a social media  |z Visegrád Group countries  |2 eczenas 
650 0 9 |a mass media and society  |z Visegrád Group countries  |2 eczenas 
650 0 9 |a trust  |2 eczenas 
655 7 |a kolektivní monografie  |7 fd501537  |2 czenas 
655 9 |a collective monographs  |2 eczenas 
700 1 |a Tomczyk, Łukasz  |7 ola2015881504  |4 aut 
700 1 |a Sládkayová, Michaela  |4 aut 
700 1 |a Varga, Erika  |4 aut 
910 2 |a BOA001  |b 2-1442.774 
990 |a BK 
995 |a 01 
991 |b 202003  |c NOV 
996 6 |b 2610817230  |c 2-1442.774  |l MZK  |r Sklad / do 1 hodiny  |n 1  |p p.v.  |w 001785738  |u 000010  |a 1  |e BOA001  |j MZK50  |s P